Rural reconstruction, ecosystem and forestry. (Record no. 80281)
[ view plain ]
| 000 -LEADER | |
|---|---|
| fixed length control field | 00903nam a2200181 a 4500 |
| 008 - FIXED-LENGTH DATA ELEMENTS--GENERAL INFORMATION | |
| fixed length control field | 120416s1993 ||||||||||||||||| || u |
| 020 ## - INTERNATIONAL STANDARD BOOK NUMBER | |
| International Standard Book Number | 8185880050 |
| 050 ## - LIBRARY OF CONGRESS CALL NUMBER | |
| Classification number | QH 541.5.F6 Rur |
| 100 ## - MAIN ENTRY--PERSONAL NAME | |
| Personal name | Singh, Pramod |
| 245 10 - TITLE STATEMENT | |
| Title | Rural reconstruction, ecosystem and forestry. |
| Statement of responsibility, etc. | edited by Pramod Singh |
| 260 ## - PUBLICATION, DISTRIBUTION, ETC. | |
| Place of publication, distribution, etc. | New Delhi |
| Name of publisher, distributor, etc. | MD Publications |
| Date of publication, distribution, etc. | 1993 |
| 350 ## - | |
| -- | 0.00 |
| 650 ## - SUBJECT ADDED ENTRY--TOPICAL TERM | |
| Topical term or geographic name entry element | ECOLOGY |
| 650 ## - SUBJECT ADDED ENTRY--TOPICAL TERM | |
| Topical term or geographic name entry element | ECOSYSTEMS |
| 995 ## - | |
| -- | ANNEX COLLECTION (Main Library) |
| -- | 0.00 |
| -- | 732065 |
| -- | CBU-MAIN LIBRARY (Kitwe) |
| -- | 1 |
| -- | 32.50 |
| -- | QH 541.5.F6 Rur |
| -- | 1 |
| -- | AVAILABLE |
| -- | 029813 |
| -- | Annex Low-Usage Collection |
| 995 ## - | |
| -- | MAIN LIBRARY OPEN ACCESS |
| -- | 0.00 |
| -- | 732064 |
| -- | CBU-MAIN LIBRARY (Kitwe) |
| -- | 3 |
| -- | 32.50 |
| -- | QH 541.5.F6 Rur |
| -- | 3 |
| -- | AVAILABLE |
| -- | 029811 |
| -- | Main Library Open Access Collection |
| 995 ## - | |
| -- | ANNEX COLLECTION (Main Library) |
| -- | 0.00 |
| -- | 732066 |
| -- | CBU-MAIN LIBRARY (Kitwe) |
| -- | 2 |
| -- | 32.50 |
| -- | QH 541.5.F6 Rur |
| -- | 2 |
| -- | AVAILABLE |
| -- | 029812 |
| -- | Annex Low-Usage Collection |
| 999 ## - | |
| -- | 80281 |
| -- | 80281 |
| Withdrawn status | Lost status | Source of classification or shelving scheme | Damaged status | Not for loan | Permanent Location | Current Location | Shelving location | Date acquired | Total Checkouts | Full call number | Barcode | Date last seen | Copy number | Price effective from | Koha item type |
|---|---|---|---|---|---|---|---|---|---|---|---|---|---|---|---|
| CBU-MAIN LIBRARY, KITWE. | CBU-MAIN LIBRARY, KITWE. | 06/29/2023 | QH 541.5.F6 Rur | 029813 | 06/29/2023 | 1 | 06/29/2023 | MONOGRAPH | |||||||
| CBU-MAIN LIBRARY, KITWE. | CBU-MAIN LIBRARY, KITWE. | 06/29/2023 | QH 541.5.F6 Rur | 029811 | 06/29/2023 | 2 | 06/29/2023 | MONOGRAPH | |||||||
| CBU-MAIN LIBRARY, KITWE. | CBU-MAIN LIBRARY, KITWE. | 06/29/2023 | QH 541.5.F6 Rur | 029812 | 06/29/2023 | 3 | 06/29/2023 | MONOGRAPH |